1613 1295 1464 1711 1215 1816 1055 1566 1550 1345 1987 1055 1679 1227 1527 1398 1571 1776 1077 1513 1256 1206 1298 1453 1334 1819 1809 1218 1463 1253 1517 1131 1344 1124 1394 1715 1965 1962 1693 1111 1212 1348 1803 1509 1012 1257 1413 1618 1295 1180 1378 1339 1816 1606 1715 1537 1646 1949 1451 1715 1219 1993 1360 1391 1352 1345 1466 1072 1985 1791 1394 1627 1212 1489 1032 1127 1176 1886 1730 1193 1847 1812 1223 1594 1562 1908 1713 1997 1109 1588 1690 1394 1835 1403 1555 1647 1134 1714 1343 BCNSPRNW ULIB Ver.6.0+V

เปลี่ยนเป็นภาษาไทย

Change to English
 แสดงรายละเอียดบรรณานุกรม
  กลับหน้าหลัก

Brief Record : Get Marc (ISO 2709) : E-mail record : QR code < ปิดหน้าต่าง
LEADER : 00000nam 2200000uu 4500
001    13399126848
003     ULIB
008    020711s|||| th a 000 0 tha d
060    วจ^aWY162^bว242ก
100    ^aวรรณี จิวสืบพงษ์.
245    ^aการศึกษาพฤติกรรมการบริโภคอาหารของผู้ป่วยที่มีภาวะไตเสื่อมจากเบาหวาน อำเภอเมือง จังหวัดนครสวรรค์.
260    ^aนครสวรรค์ :^bวิทยาลัยพยาบาลบรมราชชนนีสวรรค์ประชารักษ์ นครสวรรค์,^cม.ป.ป.
650    ^aไต
650    ^aเบาหวาน
945    ^p0^l0^i005507
999    ^aประนอม เกษจรัล
รายการนี้ยังไม่มีแท็ก
คุณยังไม่ได้ล็อกอิน คุณสามารถมีกิจกรรมร่วมกับเว็บไซต์ได้ แต่ต้องล็อกอินก่อน ::
  ล็อกอิน

รายการสื่อสารสนเทศ

ลำดับที่ ประเภท เลขเรียก/บาร์โค้ด สถานที่ สถานะ
1. Book การพยาบาล
Book การพยาบาล
วจ WY162 ว242ก ฉ.1 
  Barcode: 005507
ห้องสมุดวิทยาเขตสวรรค์ประชารักษ์
►หนังสือทั่วไป
บนชั้น

รายการใกล้เคียง
    หัวเรื่อง [ไต]
    หัวเรื่อง [เบาหวาน]

BibComment


ยังไม่เคยถูกคอมเมนท์

คอมเมนท์ทรัพยากรรายการนี้
  คอมเมนท์: การศึกษาพฤติกรรม..


 Copyright 2026. Bcnsprnw @Library